Loading...

Rajput printing /

Bibliografiske detaljer
Hovedforfatter: Coomaraswamy, A.
Format: Printed Book
Sprog:English
Udgivet: Delhi : Motilal, 1976.
LEADER 00403nam a2200121Ia 4500
008 150624b xxu||||| |||| 00| 0 eng d
100 |a Coomaraswamy, A. 
245 |a Rajput printing /  |c A. Coomaraswamy 
260 |a Delhi :  |b Motilal,  |c 1976. 
300 |a 83 p. 
942 |c BK 
999 |c 31479  |d 31479 
952 |0 1  |1 0  |4 0  |7 0  |9 31478  |a UL  |b UL  |c TR  |d 1998-09-01  |l 0  |p 43114  |r 2012-10-27  |w 2012-10-27  |y BK  |z Transferred to Dept. of History